000
00320nam a22001457a 4500
008
210527b ||||| |||| 00| 0 eng d
020
_a
9800131255277
041
_a
eng
080
_2
2nd
_a
004
082
_a
004
100
_a
28
101
_a
SHKI
245
_a
Interworking with TCP/IP
_c
Comer,D.E
942
_2
udc
_c
BK
999
_c
57675
_d
57675